| 000 -LEADER |
| fixed length control field |
01231nam a22003497a 4500 |
| 001 - CONTROL NUMBER |
| control field |
4812683 |
| 003 - CONTROL NUMBER IDENTIFIER |
| control field |
LIBRIS |
| 005 - DATE AND TIME OF LATEST TRANSACTION |
| control field |
20241031114503.0 |
| 008 - FIXED-LENGTH DATA ELEMENTS--GENERAL INFORMATION |
| fixed length control field |
011211s1993 xxk|||||||||||001 0|eng|c |
| 020 ## - INTERNATIONAL STANDARD BOOK NUMBER |
| International Standard Book Number |
0316533904 |
| Terms of availability |
�120.00 |
| 040 ## - CATALOGING SOURCE |
| Original cataloging agency |
Gm* |
| Description conventions |
a |
| Language of cataloging |
eng |
| Transcribing agency |
DLC |
| 041 ## - LANGUAGE CODE |
| Language code of text/sound track or separate title |
eng |
| 080 ## - UNIVERSAL DECIMAL CLASSIFICATION NUMBER |
| Universal Decimal Classification number |
616.8 |
| Item number |
L-95 |
| 082 #4 - DEWEY DECIMAL CLASSIFICATION NUMBER |
| Classification number |
616.88 |
| Edition number |
20 |
| 084 ## - OTHER CLASSIFICATION NUMBER |
| Classification number |
Vef |
| Number source |
kssb/8 (machine generated) |
| 100 ## - MAIN ENTRY--PERSONAL NAME |
| 9 (RLIN) |
387 |
| Personal name |
Low, A. Phillip |
| Relator term |
Editor |
| 245 00 - TITLE STATEMENT |
| Title |
Clinical autonomic disorders : |
| Remainder of title |
evaluation and management / |
| Statement of responsibility, etc. |
edited by Phillip A. Low. |
| 250 ## - EDITION STATEMENT |
| Edition statement |
1st edition |
| 260 ## - PUBLICATION, DISTRIBUTION, ETC. |
| Place of publication, distribution, etc. |
London |
| Name of publisher, distributor, etc. |
Little, Brown, |
| Date of publication, distribution, etc. |
1993 |
| 300 ## - PHYSICAL DESCRIPTION |
| Extent |
xix, 800 s. |
| Other physical details |
ill. |
| Dimensions |
29cm |
| 340 ## - PHYSICAL MEDIUM |
| Dimensions |
29cm |
| 650 #2 - SUBJECT ADDED ENTRY--TOPICAL TERM |
| Topical term or geographic name entry element |
Autonomic nervous system: physiopathology |
| 650 #0 - SUBJECT ADDED ENTRY--TOPICAL TERM |
| Topical term or geographic name entry element |
Neurology |
| 9 (RLIN) |
100 |
| 650 #2 - SUBJECT ADDED ENTRY--TOPICAL TERM |
| Topical term or geographic name entry element |
Autonomic nervous system diseases: diagnosis |
| 650 #2 - SUBJECT ADDED ENTRY--TOPICAL TERM |
| Topical term or geographic name entry element |
Autonomic nervous system diseases: therapy |
| 650 #7 - SUBJECT ADDED ENTRY--TOPICAL TERM |
| Topical term or geographic name entry element |
Humans, Central nervous system, Diseases |
| Source of heading or term |
BNB |
| 653 ## - INDEX TERM--UNCONTROLLED |
| Uncontrolled term |
ნევროლოგია |
| 653 ## - INDEX TERM--UNCONTROLLED |
| Uncontrolled term |
ნერვული სისტემა |
| 700 1# - ADDED ENTRY--PERSONAL NAME |
| Personal name |
Low, Phillip A. |
| Relator term |
unspecifiedContributor |
| Relationship |
oth |
| 887 ## - NON-MARC INFORMATION FIELD |
| Content of non-MARC field |
{"@id":"fxqhc05r3ktktvr","modified":"2005-07-19T11:35:40+02:00","checksum":"56473849436"} |
| Source of data |
librisxl |
| 942 ## - ADDED ENTRY ELEMENTS (KOHA) |
| Source of classification or shelving scheme |
|
| Koha item type |
Books |
| Edition |
1 |